| 000 | 00446nam a22001337a 4500 | ||
|---|---|---|---|
| 040 | _cNUST | ||
| 082 | _a220 PRO | ||
| 100 |
_aSana Iftikhar Amna Arif Khadija Tul Kubra Amanullah Naseer _9119513 |
||
| 110 |
_aSupervisor Dr Sajid Gul Khwaja _9119514 |
||
| 245 | _aPR-SOF-2219-Air Quality Monitoring System Using LoRaWAN and Helium Network | ||
| 260 |
_aISLAMABAD: _bNUST COLLEGE OF EME, _c2023. |
||
| 650 |
_aDE-COMP-41 _9119490 |
||
| 942 |
_2ddc _cPR |
||
| 999 |
_c607202 _d607202 |
||